=LDR 00000nam 2200000 4500 =001 INLIS000000000009179 =005 20130612101010 =008 ***********************************Ind** =035 ##$$a0010-061300000009179 =041 ##$$a Ind =082 ##$$a 070.4 =090 ##$$a 070.4, Dia-k =100 ##$$a Diah, Herawati =245 ##$$a Kembara tiada berakhir, Herawati Diah berkisah, Herawati Diah =300 ##$$a xix, 355 hlm, Ilus, 21 cm =650 ##$$a Jurnalistik-Liputan berita =850 ##$$a NBPNMAT =990 ##$$a 0001/BPAP-NTB/20142014